000
00215nam a22000857a 4500
999
_c
11479
_d
11479
008
190527b ||||| |||| 00| 0 eng d
020
_a
9789384603670
100
_9
7196
_a
SINGH VIRENDER
245
_a
LEARN TO PLAY WRESTLING